| 000 | 00701nam a2200241Ia 4500 | ||
|---|---|---|---|
| 003 | OSt | ||
| 005 | 20220930190309.0 | ||
| 006 | a|||||r|||| 00| 0 | ||
| 007 | ta | ||
| 008 | 220926b |||||||| |||| 00| 0 eng d | ||
| 024 | _a61,883 | ||
| 037 | _cGeneral Books | ||
| 040 |
_aCRL _cCRL _beng |
||
| 041 |
_2eng _aeng |
||
| 082 | _aS:7:6M84a, K4.1 BB | ||
| 100 |
_aThomas Carline Bedell _9558739 |
||
| 245 | 0 |
_aIndex of rorschach responses _b Studies on the psychological characteristics of medical students. |
|
| 260 | _c1964 | ||
| 300 |
_avp. ` _ccm. |
||
| 650 | _aPSYCHOLOGY | ||
| 942 |
_hS:7:6M84a, K4.1 BB _cGB _2CC |
||
| 999 |
_c892001 _d892001 |
||